| 000 | 00937nam a22002535i 4500 | ||
|---|---|---|---|
| 001 | 175227 | ||
| 003 | ES-MaACL | ||
| 005 | 20250828040954.0 | ||
| 008 | 101015s1962 sp |||| | spa d | ||
| 080 | _a37(091) | ||
| 080 | _a371:27"19" | ||
| 100 | 0 |
_aDawson, Christopher. _943009 |
|
| 245 | 1 | 3 |
_aLa crisis de la educación occidental / _cChristopher Dawson ; [traducción de Esteban Pujals]. |
| 260 |
_aMadrid : _bRialp, _c1962. |
||
| 300 |
_a208 p. ; _c22 cm. |
||
| 490 | 1 |
_aBiblioteca de Educación y Ciencias Sociales. Serie Investigaciones y ensayos ; _v3 |
|
| 594 | _aTít. original: The crisis of western education. | ||
| 650 | 0 | 7 |
_aEducación- _vHistoria _2 _9143620 |
| 650 | 7 |
_aEducación cristiana- _vHistoria _2 _9143621 |
|
| 700 | 1 |
_aPujals, Esteban. _994322 |
|
| 830 | 0 | 0 |
_aBiblioteca de educación y ciencias sociales _v3 _9231016 |
| 852 |
_aES-MaACL _jE-13388 _xOlim P-478-Ter |
||
| 999 |
_c175227 _d175227 |
||